Využitie virtuálnej reality na simuláciu pracovných postupov : Diplomová práca

Salvato in:
Dettagli Bibliografici
Autore principale: Hinca, Juraj (Autore)
Altri autori: Pohlmüller, Štefan (xxx)
Natura: Manoscritto Libro
Lingua:slovacco
Pubblicazione: Trnava : STU v Bratislave MtF KAIA, 1999
Soggetti:
Tags: Aggiungi Tag
Nessun Tag, puoi essere il primo ad aggiungerne!!

MARC

LEADER 00000ntm a22000003a 4500
001 stu74319
005 20160719155054.4
008 020226s1999----xo------------------slo-d
040 |a STU  |b slo 
041 0 |a slo 
044 |a xo 
100 1 |a Hinca, Juraj  |4 aut 
245 1 |a Využitie virtuálnej reality na simuláciu pracovných postupov :  |b Diplomová práca 
260 |a Trnava :  |b STU v Bratislave MtF KAIA,  |c 1999 
300 |a 74 s  |c výťah + disk. 
650 7 |a Postupy pracovné-simulácia  |2 stusub 
650 7 |a Realita virtuálna  |2 stusub 
650 7 |a Strojárska aplikovaná informatika  |2 stusub 
700 1 |a Pohlmüller, Štefan  |4 xxx 
996 |b 284M041765  |c M*DP-1140  |l MMSKP  |s P  |a 0  |w stu74319_0001